Club Brugge Biggest Transfers - Statistics

General Stats
  • This quiz has been taken 86 times
  • The average score is 73 of 158
Answer Stats
% Correct
Outgoings Belgium AM Charles De Ketelaere 22/23 Milan
94%
Incomings Netherlands LW Noa Lang 21/22 Ajax
92%
Outgoings Netherlands LW Noa Lang 23/24 PSV
92%
Incomings Belgium GK Simon Mignolet 19/20 Liverpool
92%
Incomings Brazil ST Igor Thiago 23/24 Ludogorets Razgrad
89%
Incomings Ukraine ST Roman Yaremchuk 22/23 Benfica
89%
Incomings Nigeria DM Raphael Onyedika 22/23 Midtjylland
88%
Incomings Denmark RW Andreas Skov Olsen 21/22 Bologna
85%
Incomings Denmark CM Casper Nielsen 22/23 Union Saint-Gilloise
85%
Incomings Norway CM Hugo Vetlesen 23/24 Bodo/Glimt
83%
Incomings Senegal RW Krepin Diatta 17/18 Sarpsborg
83%
Outgoings Senegal RW Krepin Diatta 20/21 Monaco
83%
Incomings Canada RW Tajon Buchanan 21/22 New England Revolution
83%
Incomings Belgium AM Hans Vanaken 15/16 Lokeren
82%
Incomings Colombia LW Jose Izquierdo 14/15 Once Caldas
82%
Outgoings Colombia LW Jose Izquierdo 17/18 Brighton & Hove Albion
82%
Incomings Brazil ST Wesley Moraes 15/16 Tencin
82%
Outgoings Brazil ST Wesley Moraes 19/20 Aston Villa
82%
Incomings Ivory Coast CB Odilon Kossounou 19/20 Hammarby
80%
Outgoings Ivory Coast CB Odilon Kossounou 21/22 Bayer Leverkusen
80%
Incomings Spain ST Ferran Jutgla 22/23 Barcelona
78%
Incomings Colombia ST Carlos Bacca 11/12 Junior
77%
Outgoings Colombia ST Carlos Bacca 13/14 Sevilla
77%
Incomings Poland LW Michal Skoras 23/24 Lech Poznan
77%
Incomings Netherlands LB Bjorn Meijer 22/23 Groningen
75%
Incomings Scotland CB Jack Hendry 21/22 Oostende
75%
Outgoings Scotland CB Jack Hendry 23/24 Al-Ettifaq
75%
Incomings Angola RB Clinton Mata 18/19 Charleroi
74%
Outgoings Angola RB Clinton Mata 23/24 Lyon
74%
Outgoings Belgium ST Lois Openda 22/23 Lens
74%
Outgoings Belgium RB Thomas Meunier 16/17 Paris Saint-Germain
72%
Incomings Netherlands LW Arnaut Danjuma 18/19 NEC Nijmegen
71%
Outgoings Netherlands LW Arnaut Danjuma 19/20 Bournemouth
71%
Outgoings Australia GK Mathew Ryan 15/16 Valencia
71%
Incomings Netherlands ST Bas Dost 20/21 Eintracht Frankfurt
69%
Incomings Zimbabwe DM Marvelous Nakamba 17/18 Vitesse
69%
Outgoings Zimbabwe DM Marvelous Nakamba 19/20 Aston Villa
69%
Incomings Ukraine LB Eduard Sobol 21/22 Shakhtar Donetsk
68%
Incomings Ukraine LB Eduard Sobol 19/20 Shakhtar Donetsk
68%
Outgoings Ukraine LB Eduard Sobol 22/23 Strasbourg
68%
Incomings Nigeria LW Emmanuel Dennis 17/18 Zorya Luhansk
66%
Outgoings Nigeria LW Emmanuel Dennis 21/22 Watford
66%
Outgoings Nigeria LW Emmanuel Dennis 20/21 Koln
66%
Incomings Norway LW Antonio Nusa 21/22 Stabaek
65%
Outgoings Ivory Coast CB Abakar Sylla 23/24 Strasbourg
63%
Outgoings Croatia LM Ivan Perisic 11/12 Borussia Dortmund
63%
Incomings Ghana RW Kamal Sowah 21/22 Leicester City
63%
Incomings France CB Stanley Nsoki 21/22 Nice
63%
Outgoings France CB Stanley Nsoki 22/23 Hoffenheim
63%
Incomings Belgium DM Mats Rits 18/19 Mechelen
62%
Outgoings Belgium DM Mats Rits 23/24 Anderlecht
62%
Incomings Nigeria ST David Okereke 19/20 Spezia
60%
Incomings Belgium ST Jelle Vossen 15/16 Burnley
60%
Incomings Ecuador CB Joel Ordonez 22/23 Independiente del Valle
60%
Incomings Belgium CB Dedryck Boyata 22/23 Hertha Berlin
58%
Incomings Belgium ST Tom De Sutter 13/14 Anderlecht
58%
Outgoings Belgium ST Tom De Sutter 15/16 Bursaspor
58%
Incomings Belgium LW Anthony Limbombe 16/17 NEC Nijmegen
52%
Outgoings Belgium LW Anthony Limbombe 18/19 Nantes
52%
Outgoings Belgium CB Bjorn Engels 17/18 Olympiacos
52%
Incomings Iran ST Kaveh Rezaei 18/19 Charleroi
52%
Incomings Belgium LB Laurens De Bock 12/13 Lokeren
52%
Outgoings Belgium LB Laurens De Bock 17/18 Leeds United
52%
Incomings Czech Republic ST Michael Krmencik 19/20 Viktoria Plzen
52%
Incomings Colombia DM Eder Balanta 19/20 Basel
51%
Incomings Denmark AM Philip Zinckernagel 23/24 Olympiacos
51%
Incomings Ivory Coast CB Simon Deli 19/20 Slavia Prague
51%
Incomings Morocco DM Sofyan Amrabat 18/19 Feyenoord
51%
Outgoings Morocco DM Sofyan Amrabat 19/20 Hellas Verona
51%
Incomings Israel AM Lior Refaelov 11/12 Maccabi Haifa
49%
Incomings Croatia CB Matej Mitrovic 18/19 Besiktas
49%
Incomings Belgium CM Siebe Schrijvers 18/19 Genk
49%
Outgoings Belgium CM Siebe Schrijvers 20/21 OH Leuven
49%
Incomings Mali RW Abdoulay Diaby 15/16 Lille
48%
Outgoings Mali RW Abdoulay Diaby 18/19 Sporting CP
48%
Incomings United States GK Ethan Horvath 16/17 Molde
48%
Incomings Morocco RW Nabil Dirar 08/09 Westerlo
48%
Outgoings Morocco RW Nabil Dirar 11/12 Monaco
48%
Incomings Suriname CB Stefano Denswil 14/15 Ajax
48%
Outgoings Suriname CB Stefano Denswil 19/20 Bologna
48%
Incomings United States DM Owen Otasowie 21/22 Wolverhampton Wanderers
45%
Outgoings Belgium DM Timmy Simons 05/06 PSV
45%
Outgoings Spain AM Victor Vazquez 15/16 Cruz Azul
45%
Incomings Uruguay CB Federico Ricca 19/20 Malaga
43%
Incomings France GK Ludovic Butelle 15/16 Angers
43%
Outgoings Costa Rica CB Oscar Duarte 15/16 Espanyol
43%
Outgoings Canada ST Cyle Larin 23/24 Real Valladolid
42%
Incomings France LB Faitout Maouassa 21/22 Rennes
42%
Incomings Netherlands RB Ricardo van Rhijn 16/17 Ajax
42%
Incomings Brazil AM Felipe Gedoz 14/15 Defensor
40%
Outgoings Brazil AM Felipe Gedoz 16/17 Athletic Paranaense
40%
Incomings Senegal ST Mbaye Diagne 19/20 Galatasaray
40%
Outgoings Belgium LW Maxime Lestienne 14/15 Al-Arabi
38%
Incomings Belgium ST Wesley Sonck 07/08 Borussia Monchengladbach
38%
Incomings Nigeria ST Joseph Akpala 08/09 Charleroi
37%
Outgoings Nigeria ST Joseph Akpala 12/13 Werder Bremen
37%
Incomings Chile ST Nicolas Castillo 13/14 Universidad Catolica
37%
Outgoings Chile ST Nicolas Castillo 16/17 UNAM Pumas
37%
Outgoings Belgium ST Obbi Oulare 15/16 Watford
37%
Incomings Belgium ST Francois Sterchele 07/08 Germinal Beerschot
35%
Outgoings Belgium RB Ignace Van der Brempt 21/22 RB Salzburg
35%
Outgoings France ST Jean-Pierre Papin 86/87 Marseille
34%
Incomings Croatia GK Karlo Letica 18/19 Hajduk Split
34%
Incomings Venezuela AM Ronald Vargas 08/09 Caracas
34%
Outgoings Venezuela AM Ronald Vargas 11/12 Anderlecht
34%
Incomings Spain CM Tomas Pina 16/17 Villarreal
34%
Outgoings Spain CM Tomas Pina 18/19 Alaves
34%
Incomings Belgium ST Bjorn Vleminckx 11/12 NEC Nijmegen
32%
Incomings France ST Jeremy Perbet 17/18 Gent
32%
Incomings Belgium CB Jordi Vanlerberghe 17/18 Mechelen
32%
Outgoings Brazil DM Claudemir 17/18 Al-Ahli
31%
Incomings Norway CB Tom Hogli 11/12 Tromso
31%
Incomings Poland RW Waldemar Sobota 13/14 Slask Wroclaw
31%
Outgoings Malaysia CB Dion Cools 19/20 Midtjylland
29%
Incomings Romania RW Dorin Rotariu 16/17 Dinamo Bucharest
29%
Outgoings Romania RW Dorin Rotariu 18/19 Astana
29%
Incomings Belgium CB Philippe Clement 99/00 Coventry City
28%
Incomings Switzerland CB Saulo Decarli 17/18 Eintracht Braunschweig
28%
Incomings Denmark CB Alexander Scholz 17/18 Standard Liege
26%
Outgoings Denmark CB Alexander Scholz 18/19 Midtjylland
26%
Incomings Serbia GK Bojan Jorgacevic 11/12 Gent
26%
Incomings Burundi ST Meme Tchite 12/13 Standard Liege
26%
Outgoings Croatia ST Bosko Balaban 07/08 Dinamo Zagreb
25%
Outgoings Nigeria ST Daniel Amokachi 94/95 Everton
25%
Incomings Brazil ST Leandro Pereira 15/16 Palmeiras
25%
Outgoings Belgium CM Vadis Odjidja-Ofoe 14/15 Norwich City
25%
Incomings Denmark CM Jesper Jorgensen 12/13 Gent
23%
Incomings Belgium CM Koen Daerden 06/07 Genk
22%
Outgoings Denmark DM Niki Zimling 12/13 Mainz
22%
Outgoings Belgium CB Ibe Hautekiet 22/23 Standard Liege
20%
Incomings Belgium DM Jonathan Blondel 03/04 Tottenham Hotspur
20%
Outgoings Brazil CB Luan Peres 20/21 Santos
20%
Outgoings Belgium ST Marc Degryse 89/90 Anderlecht
18%
Incomings Cameroon ST Dorge Kouemaha 09/10 Duisburg
17%
Incomings Sweden RW Carlos Strandberg 16/17 CSKA Moscow
15%
Outgoings Sweden RW Carlos Strandberg 17/18 Malmo
15%
Incomings North Macedonia SS Ivan Trickovski 12/13 APOEL Nicosia
15%
Incomings Ghana DM Enoch Kofi Adu 12/13 Nordsjaelland
14%
Outgoings Croatia ST Robert Spehar 97/98 Monaco
14%
Outgoings Czech Republic CB David Rozehnal 05/06 Paris Saint-Germain
12%
Incomings Lithuania ST Edgaras Jankauskas 97/98 Torpedo Moscow
12%
Outgoings Lithuania ST Edgaras Jankauskas 00/01 Real Sociedad
12%
Incomings South Africa AM Elrio van Heerden 05/06 Kobenhavn
12%
Incomings Serbia ST Dusan Djokic 07/08 Crvena Zvezda
11%
Outgoings Ghana CB Eric Addo 99/00 PSV
11%
Incomings Denmark CB Jim Larsen 12/13 Rosenborg
11%
Incomings Brazil RB Marcos Camozzato 10/11 Standard Liege
11%
Incomings Serbia CB Erhan Masovic 17/18 Cukaricki
9%
Outgoings Colombia CB German Mera 17/18 Mechelen
9%
Incomings Ghana ST Ibrahim Salou 06/07 Zulte Waregem
9%
Incomings Croatia RB Ivan Tomecak 17/18 Mechelen
8%
Outgoings DR Congo CB Herve Nzelo-Lembi 02/03 Kaiserslautern
6%
Incomings Belgium CB Laurent Ciman 08/09 Charleroi
6%
Incomings Norway ST Mushaga Bakenga 11/12 Rosenborg
6%
Incomings Denmark RB Brian Priske 06/07 Portsmouth
5%
Outgoings Belgium ST Jochen Janssen 00/01 Austria Vienna
3%
Outgoings Nigeria ST Manasseh Ishiaku 07/08 Duisburg
3%
Incomings Belgium CB Timothy Dreesen 06/07 Lierse
2%
No matching quizzes found
Score Distribution
Percent of People with Each Score
Percentile by Number Answered
Your Score History
You have not taken this quiz